000 00612nam a2200241 i 4500
001 C2-0227690
003 PPAK
005 20180728155043.0
008 000726s1995 enk |||| ||||| | eng d
020 _a0099433311
040 _aPPAK
_beng
_cPPAK
_erda
082 0 4 _a823
_223
090 0 0 _a823
_bJAC
_dG
100 1 _aJacques, Brian,
_eauthor
245 1 4 _aThe bellmaker
264 1 _aLondon :
_bA Red Fox Book ,
_c1995
300 _a336 pages ;
_c18 cm
336 _2rdacontent
_atext
337 _2rdamedia
_aunmediated
338 _2rdacarrier
_avolume
650 1 0 _aEnglish fiction
942 _ddc
_cB
999 _c147732
_d147732